Welcome to the Holygrace Academy Library

Please use search bar below to get started

GANDHI (Record no. 5562)

MARC details
000 -LEADER
fixed length control field 00387nam a22001457a 4500
020 ## - INTERNATIONAL STANDARD BOOK NUMBER
ISBN 978-93-86037-81-7
082 ## - DEWEY DECIMAL CLASSIFICATION NUMBER
Classification number 920
Item number GAN/G
100 ## - MAIN ENTRY--AUTHOR NAME
Personal name GANDHI
245 ## - TITLE STATEMENT
Title GANDHI
Remainder of title MY EXPERIMENTS WITH TRUTH
246 ## - VARYING FORM OF TITLE
Title proper/short title MY EXPERIMENTS WITH TRUTH
Remainder of title MY EXPERIMENTS WITH TRUTH
260 ## - PUBLICATION, DISTRIBUTION, ETC. (IMPRINT)
Place of publication ERNAKULAM
Name of publisher KERALA BOOK HOUSE
300 ## - PHYSICAL DESCRIPTION
Number of Pages 464
650 ## - SUBJECT ADDED ENTRY--TOPICAL TERM
Topical Term AUTOBIOGRAPHY
Geographic subdivision ERNAKULAM
942 ## - ADDED ENTRY ELEMENTS (KOHA)
Koha item type Books
Holdings
Withdrawn status Lost status Collection code Home library Current library Shelving location Date acquired Source of acquisition Full call number Accession Number Koha item type
    Reference Main Library Main Library SHELF-17-I-BIOGRAPHIES & AUTOBIOGRAPHIES 07/11/2016 PURCHASE 920 GAN/G 09841 Books